Russian Novels - Sudden Death - Statistics

General Stats
  • This quiz has been taken 71 times
  • The average score is 7 of 10
Answers on the Grid
Answers color-coded by a green-red scale on the quiz's grid according to % correct below.
Anna Karenina
Crime and Punishment
Dead Souls
Don Quixote
Eugene Onegin
Fathers and Sons
Les Misérables
Moby-Dick
One Hundred Years of Solitude
Pride and Prejudice
The Brothers Karamazov
The Captain’s Daughter
The Great Gatsby
The Idiot
The Master and Margarita
The Metamorphosis
The Stranger
The Tale of Genji
The Vegetarian
War and Peace
 
Answer Stats
Answer % Correct
Russian Anna Karenina
98%
Russian The Brothers Karamazov
90%
Russian Crime and Punishment
88%
Russian War and Peace
86%
Russian The Idiot
73%
Russian The Master and Margarita
59%
Russian Dead Souls
58%
Russian Eugene Onegin
58%
Russian Fathers and Sons
56%
Russian The Captain’s Daughter
49%
No matching quizzes found
Score Distribution
Percent of People with Each Score
Percentile by Number Answered
Your Score History
You have not taken this quiz